<?xml version="1.0" encoding="UTF-8"?>
<record
    xmlns:xsi="http://www.w3.org/2001/XMLSchema-instance"
    xsi:schemaLocation="http://www.loc.gov/MARC21/slim http://www.loc.gov/standards/marcxml/schema/MARC21slim.xsd"
    xmlns="http://www.loc.gov/MARC21/slim">

  <leader>00508nam a22001457a 4500</leader>
  <controlfield tag="005">20251117104916.0</controlfield>
  <controlfield tag="008">251117b        |||||||| |||| 00| 0 eng d</controlfield>
  <datafield tag="050" ind1=" " ind2=" ">
    <subfield code="a">THE HF 5548.32 .O53 2016</subfield>
    <subfield code="b">C. 1</subfield>
  </datafield>
  <datafield tag="100" ind1=" " ind2=" ">
    <subfield code="a">ONDUSO, MARY NYATUKA</subfield>
  </datafield>
  <datafield tag="245" ind1=" " ind2=" ">
    <subfield code="a">AN ASSESSMENT OF THE FACTORS INFLUENCING ADOPTION OF SOCIAL MEDIA ADVERTISING ON GROWTH OF SMALL AND MEDIUM ENTERPRISES IN KISII COUNTY, KENYA.</subfield>
  </datafield>
  <datafield tag="260" ind1=" " ind2=" ">
    <subfield code="a">KISII</subfield>
    <subfield code="b">KSU</subfield>
    <subfield code="c">2016</subfield>
  </datafield>
  <datafield tag="300" ind1=" " ind2=" ">
    <subfield code="a">XII, 58P.,ILL.</subfield>
  </datafield>
  <datafield tag="500" ind1=" " ind2=" ">
    <subfield code="a">INCLUDES REFERENCES</subfield>
  </datafield>
  <datafield tag="942" ind1=" " ind2=" ">
    <subfield code="2">lcc</subfield>
    <subfield code="c">REF</subfield>
  </datafield>
  <datafield tag="999" ind1=" " ind2=" ">
    <subfield code="c">216194</subfield>
    <subfield code="d">216194</subfield>
  </datafield>
  <datafield tag="952" ind1=" " ind2=" ">
    <subfield code="0">0</subfield>
    <subfield code="1">0</subfield>
    <subfield code="2">lcc</subfield>
    <subfield code="4">0</subfield>
    <subfield code="6">THE H F  05548.00032 .O00053 02016</subfield>
    <subfield code="7">1</subfield>
    <subfield code="8">SC</subfield>
    <subfield code="9">373364</subfield>
    <subfield code="a">KSUL</subfield>
    <subfield code="b">KSUL</subfield>
    <subfield code="c">DISPLAY</subfield>
    <subfield code="d">2025-11-17</subfield>
    <subfield code="i">84741</subfield>
    <subfield code="l">0</subfield>
    <subfield code="o">THE HF 5548.32 .O53 2016</subfield>
    <subfield code="p">000000020259</subfield>
    <subfield code="r">2025-11-17 10:53:00</subfield>
    <subfield code="t">C.1</subfield>
    <subfield code="w">2025-11-17</subfield>
    <subfield code="y">REF</subfield>
  </datafield>
</record>
